000 00702nam a22002417a 4500
005 20170124110214.0
010 _a142012
020 _c00.00
035 _a142012
037 _bCen Lib/Ret
040 _aDPL
_bEN
082 _a025.4
_bFEG
100 _aFegan, E. S.
_972205
245 _aThe cheltenham classification :
_cby Ethel S Fegan [and] M. Cant
_ba library classification for schools /
260 _bW. Heffer and Sons
_aCambridge
_c1958
270 _bCambridge
300 _a91p.
_c23cm(Hb)
500 _aIncludes index
650 _aClassification--Books
_972206
650 _aClassification
_972207
700 _aCant, M.
_938747
942 _2ddc
_cEN
_h025.4
_mFEG
999 _c133725
_d133725